| 000 | 00673nam a2200253Ia 4500 | ||
|---|---|---|---|
| 008 | 160803s9999 xx 000 0 und d | ||
| 020 | _a0 590341308 | ||
| 100 | _aBridwell, Norman | ||
| 245 | _aClifford's first autumn / | ||
| 245 | _cNorman Bridwell. | ||
| 260 | _aNew York : | ||
| 260 | _bScholastic Inc. | ||
| 260 | _c1997 | ||
| 300 | _a1 volume (unpaged) : | ||
| 300 | _bcolor illustrations ; | ||
| 300 | _c21 cm. | ||
| 440 | _aClifford the big red dog. | ||
| 500 | _aPublisher's advertisements on p. [4] of wrapper. | ||
| 650 | _aAutumn -- | ||
| 650 | _aDogs -- | ||
| 650 | _xJuvenile fiction. | ||
| 650 | _xJuvenile fiction. | ||
| 700 | _a310 | ||
| 999 |
_c299352 _d299352 |
||